15 Największych Miast w Czechach na Mapie - Statystyki

Ogólne statystyki
  • Ten quiz został rozwiązany 57 razy
  • Średni wynik to 8 z 15
Odpowiedzi na mapie
Odpowiedzi zakodowano w zielono-czerwonej skali na mapie do tego quizu, zgodnie z poniższymi procentami.
 
Statystyki odpowiedzi
Miasto Ludność % Poprawnych
Praga 1,4 mln
100%
Ostrawa 280k
95%
Brno 400k
90%
Liberec 110k
88%
Ołomuniec 100k
83%
Pilzno 190k
83%
Hradec Kralove 95k
50%
Czeskie Budziejowice 100k
48%
Pardubice 92k
48%
Opawa 55k
40%
Uście nad Łabą 90k
30%
Zlin 75k
30%
Most 65k
23%
Hawierzów 70k
15%
Kladno 70k
10%
Nie znaleziono quizów pasujących do podanych kryteriów
Rozkład punktacji
Procent ludzi z każdym wynikiem
Percentyl według liczby udzielonych odpowiedzi
Twoja historia wyników
Nie rozwiązałeś tego quizu